000 00496nam a2200229Ia 4500
008 210210b1845 xxu||||| |||| 00| 0 eng d
041 _aeng
082 _a828/127
100 _aCAMPBELL (Lord J)
245 _aLives of the lord chancellors Vol 3
260 _aLondon
_bJohn Murray
_c1845
440 _a3
650 _aVol
650 _athe
650 _aof
650 _alord
650 _aLives
650 _achancellors
650 _a3
690 _aBiography
906 _a015972
999 _c135362
_d135362